000
00292nam a2200109Ia 4500
008
200302s9999 xx 000 0 und d
100
_a
Robin Langley & Other
245
_a
American Architecture Colonial Styles to the Present Day
260
_b
Saraband Inc.
260
_c
1998
300
_a
144 P.,
999
_c
1836
_d
1836